La Protecció d'espais naturals des de la política de la Diputació de Barcelona / Jordi Soler Insa
Publicado:
Barcelona :
Aula Barcelona, Diputació de Barcelona. Àrea d'Espais Naturals. Gerència de Serveis d'Espais Naturals. Oficina Tècnica de Parcs Naturals ,
2007
Descripción Física:
156 p. ; 29 cm
Colección:
Model Barcelona. Quaderna de gestió ; 22
MARC
| LEADER | 00000nam a2200000Ia 4500 | ||
|---|---|---|---|
| 001 | 22935 | ||
| 008 | 160829s2007 xx 000 0 cat d | ||
| 080 | |a C-3-334 | ||
| 100 | |a Soler Insa, Jordi |9 38267 | ||
| 245 | |a La Protecció d'espais naturals des de la política de la Diputació de Barcelona / Jordi Soler Insa | ||
| 260 | |a Barcelona : |b Aula Barcelona, Diputació de Barcelona. Àrea d'Espais Naturals. Gerència de Serveis d'Espais Naturals. Oficina Tècnica de Parcs Naturals, |c 2007 | ||
| 300 | |a 156 p. ; |c 29 cm | ||
| 490 | |a Model Barcelona. Quaderna de gestió ; 22 | ||
| 590 | |a Bibliografia | ||
| 610 | 0 | |a Barcelona (Catalunya : Província). |b Àrea d'Espais Naturals |9 9050 | |
| 650 | |a Medi ambient |x Protecció |x Barcelona (Província) |9 38268 | ||
| 650 | 0 | |a Parcs Naturals |z Barcelona (Catalunya : Província) |9 49557 | |
| 710 | |a Barcelona (Catalunya : Província). |b Àrea d'Espais Naturals |9 9050 | ||
| 901 | |a Arxiu | ||
| 942 | |n 1 | ||
| 952 | |0 0 |1 0 |4 0 |6 C3334 |7 1 |9 48350 |a Arxiu |b Arxiu |d 2016-12-01 |l 0 |o C-3-334 |p 22935 |r 2016-12-01 00:00:00 |w 2016-12-01 |y ARXIU | ||
| 999 | |c 52156 |d 52156 | ||